000
00287nam a22001337a 4500
008
170627b xxu||||| |||| 00| 0 eng d
020
_a
9780697086167
041
_a
eng
080
_2
9TH
_a
05
100
_a
21
101
_a
GJL
245
_a
VOICE& DICTION
_c
MAYER,L.V
942
_2
udc
_c
BK
999
_c
19272
_d
19272